Strength of Materials (Record no. 1034)
[ view plain ]
| 000 -LEADER | |
|---|---|
| fixed length control field | 00352nam a2200145Ia 4500 |
| 008 - FIXED-LENGTH DATA ELEMENTS--GENERAL INFORMATION | |
| fixed length control field | 191201s2005 xx 000 0 und d |
| 082 ## - DEWEY DECIMAL CLASSIFICATION NUMBER | |
| Classification number | 620.112 |
| Item number | RAS |
| 100 ## - MAIN ENTRY--PERSONAL NAME | |
| Personal name | RAMAMRUTHAM, S |
| 245 #0 - TITLE STATEMENT | |
| Title | Strength of Materials |
| 250 ## - EDITION STATEMENT | |
| Edition statement | 15th |
| 260 ## - PUBLICATION, DISTRIBUTION, ETC. (IMPRINT) | |
| Place of publication, distribution, etc | N.Delhi |
| Name of publisher, distributor, etc | Dhanpat Rai Pub (P) Ltd |
| Date of publication, distribution, etc | 2005 |
| 300 ## - PHYSICAL DESCRIPTION | |
| Extent | 1077 |
| 650 ## - SUBJECT ADDED ENTRY--TOPICAL TERM | |
| Topical term or geographic name as entry element | B.Tech(ME) |
| 942 ## - ADDED ENTRY ELEMENTS (KOHA) | |
| Source of classification or shelving scheme | Dewey Decimal Classification |
| Koha item type | Text Books |
| Withdrawn status | Lost status | Source of classification or shelving scheme | Damaged status | Not for loan | Collection code | Home library | Current library | Date acquired | Source of acquisition | Cost, normal purchase price | Bill Number | Total Checkouts | Full call number | Acc. no. / Barcode | Date last seen | Bill Date | Koha item type | Date last borrowed |
|---|---|---|---|---|---|---|---|---|---|---|---|---|---|---|---|---|---|---|
| Dewey Decimal Classification | B.Tech(ME) | PIET C-LIBRARY | PIET C-LIBRARY | 10/08/2006 | UDH, Delhi | 310.00 | CM 4732 | 620.112 RAS | 1172 | 04/12/2019 | 22/08/2005 | Text Books | ||||||
| Dewey Decimal Classification | B.Tech(ME) | PIET C-LIBRARY | PIET C-LIBRARY | 10/08/2006 | UDH, Delhi | 310.00 | CM 4732 | 620.112 RAS | 1173 | 04/12/2019 | 22/08/2005 | Text Books | ||||||
| Dewey Decimal Classification | B.Tech(ME) | PIET C-LIBRARY | PIET C-LIBRARY | 10/08/2006 | UDH, Delhi | 310.00 | CM 4732 | 1 | 620.112 RAS | 1174 | 10/06/2021 | 22/08/2005 | Text Books | 05/04/2021 | ||||
| Dewey Decimal Classification | B.Tech(ME) | PIET C-LIBRARY | PIET C-LIBRARY | 10/08/2006 | UDH, Delhi | 310.00 | CM 4732 | 620.112 RAS | 1175 | 04/12/2019 | 22/08/2005 | Text Books | ||||||
| Dewey Decimal Classification | B.Tech(ME) | PIET C-LIBRARY | PIET C-LIBRARY | 10/08/2006 | UDH, Delhi | 310.00 | CM 4732 | 620.11 RAS | 1176 | 27/07/2020 | 22/08/2005 | Text Books |